Fr. Conceicao Rodrigues College of Engineering

Finite element method (Record no. 23794)

MARC details
000 -LEADER
fixed length control field 00318nam a2200157Ia 4500
082 ## - DEWEY DECIMAL CLASSIFICATION NUMBER
Classification number 620.001515
Item number KWO
100 ## - MAIN ENTRY--PERSONAL NAME
Personal name Kwon/Young W
245 ## - TITLE STATEMENT
Title Finite element method
260 ## - PUBLICATION, DISTRIBUTION, ETC.
Name of publisher, distributor, etc. CRC Press
Date of publication, distribution, etc. 2000
366 ## - TRADE AVAILABILITY INFORMATION
Publishers's discount category 25
300 ## - PHYSICAL DESCRIPTION
Extent 607
546 ## - LANGUAGE NOTE
Language note ENGLISH
-- Info.Tech
650 ## - SUBJECT ADDED ENTRY--TOPICAL TERM
Topical term or geographic name entry element FEM
942 ## - ADDED ENTRY ELEMENTS (KOHA)
Koha item type BOOK
Holdings
Withdrawn status Lost status Damaged status Not for loan Collection Home library Current library Date acquired Source of acquisition Cost, normal purchase price Inventory number Total Checkouts Full call number Barcode Date due Date last seen Date last checked out Cost, replacement price Price effective from Koha item type
        CRC Fr. Agnel's C.Rodrigues College of Engineering Fr. Agnel's C.Rodrigues- College of Engineering 17/03/2023 Dharma Enterprises 596.25 19 dt 10/04/2012 1 620.001515 KWO 21977 30/07/2018 12/06/2023 12/06/2023 795.00   BOOK